HOMILIAS DEL CICLO "A"

Guardado en:
Detalles Bibliográficos
Autor principal: Caballero Alvarez, Basilio (autor)
Formato: Libro
Etiquetas: Agrega una etiqueta
Sin etiquetas, Sé el primero en etiquetar este registro!

MARC

LEADER 00000nam^a2200000^a^4500
001 000201704
005 20250521000000.0
009 20260310102916.726
035 |a 011131 
037 |a Acervo Xavier Clavigero 
082 |a 254.  |b CAB 
100 |a Caballero Alvarez, Basilio  |e (autor) 
245 1 0 |a HOMILIAS DEL CICLO "A" 
264 |a Madrid, España :  |b El Perpetuo Socorro,  |c 1971 
336 |a texto  |b txt  |2 rdacontenido 
337 |a sin mediación  |b n  |2 rdamedio 
338 |a volumen  |b nc  |2 rdasoporte 
649 |a XX 
910 |a Fondo General 
920 |a Impresos - Libros 
930 |a Colección General 
905 |a 101 
901 |a 011131  |b IT1  |c ACC  |i 011131  |u 20250521 
902 |a https://opac.biblio.iteso.mx/vufind/Record/000201704